Statistics for Supernatural Quote Trivia Quiz

Click here to take the quiz!

General Stats

  • This quiz has been taken 427 times
  • The average score is 9 of 11

Answer Stats

HintAnswer% Correct
"I'm Batman"Dean
100%
"...I lost my shoe..."Sam
100%
"Well, as fate would have it, I adopted two boys and they grew up great. They grew up heroes. So yu can go to hell!"Bobby
95%
"This is why we're here, right? If I could get us a shot on the Devil... Dean we have to take it."Jo Harvelle
95%
"I just want to know that I'm proud of you"John Winchester
93%
"Destiny can't be changed, Dean. All roads lead to the same destination."Castiel
89%
"I want a family. I wanna be safe. You know the worst thing I can think of, the very worst thing, is for my children to be raised into this like I was."Mary Winchester
85%
"All buisness up front, party in the back."Ash
78%
"It was too preposterous, not to mention arrogant. Writing yourself into the story is one thing but as a prophet? That's like M Night level doucheness."Chuck
75%
"You can go straight back to hell you ugly bitch!"Ellen
65%
"This stuff right here, this, is our ticket to the big time. Fame, money, sex. With girls! Ok, be brave, OK. W.W.B.D. What would Buffy do? Huh?"Ed Zeddmore
47%

Score Distribution

Percentile by Number Answered

Percent of People with Each Score

Your Score History

You have not taken this quiz